Escolma de poesía galega / (Record no. 60548)

MARC details
000 -LEADER
campo de control de longitud fija 01063nam a2200253 i 4500
001 - NÚMERO DE CONTROL
campo de control 60548
003 - IDENTIFICADOR DE NÚMERO DE CONTROL
campo de control ES-MaACL
005 - FECHA Y HORA DE LA ÚLTIMA TRANSACCIÓN
campo de control 20230906164245.0
007 - CAMPO FIJO DE DESCRIPCIÓN FÍSICA--INFORMACIÓN GENERAL
campo de control de longitud fija t|
008 - DATOS DE LONGITUD FIJA--INFORMACIÓN GENERAL
campo de control de longitud fija 031105m19521955sp ||||1| gal d
245 00 - MENCIÓN DEL TÍTULO
Título Escolma de poesía galega /
Mención de responsabilidad, etc. edición, notas crítico-biográficas e glosario de xose Mª Alvarez-Blázquez ; limiar do M. Rodrigues Lapa.
250 ## - MENCION DE EDICION
Mención de edición [1ª ed.].
260 ## - PUBLICACIÓN, DISTRIBUCIÓN, ETC.
Lugar de publicación, distribución, etc. [Vigo] :
Nombre del editor, distribuidor, etc. Galascia,
Fecha de publicación, distribución, etc. [1952-55] (
Fabricante Faro de Vigo)
300 ## - DESCRIPCIÓN FÍSICA
Extensión 4 v. ;
Dimensiones 19 cm.
490 1# - MENCIÓN DE SERIE
Mención de serie Pondal
505 8# - NOTA DE CONTENIDO CON FORMATO
Nota de contenido con formato Contiene: V. I: Escola Medieval Galego-Portuguesa (1198-1346). -- V. II-III: O seculo XIX. -- V. II-II: Do siglo XIV o s. XIX. -- V. IV: Os contemporaneos / edición, liminar e notas bio-bibliográficas de Francisco Fernández del Riego
650 #4 - PUNTO DE ACCESO ADICIONAL DE MATERIA--TÉRMINO DE MATERIA
Término de materia o nombre geográfico como elemento de entrada Poesía gallega-
Subdivisión general Historia y crítica.
9 (RLIN) 161511
700 1# - ENTRADA AGREGADA--NOMBRE PERSONAL
Nombre de persona Álvarez Blázquez, Xosé María.
9 (RLIN) 20707
700 1# - ENTRADA AGREGADA--NOMBRE PERSONAL
Nombre de persona Rodrigues Lapa, M.
9 (RLIN) 98198
700 1# - ENTRADA AGREGADA--NOMBRE PERSONAL
Nombre de persona Fernández del Riego, Francisco.
9 (RLIN) 49733
830 0# - PUNTO DE ACCESO ADICIONAL DE SERIE-TÍTULO UNIFORME
Título uniforme Pondal
9 (RLIN) 230563
852 ## - LOCALIZACIÓN
Ubicación ES-MaACL
Número de control de estantería E-3642-5
Holdings
Estatus retirado Estado de pérdida Estado de daño No para préstamo Biblioteca de origen Biblioteca actual Ubicación en estantería Fecha de adquisición Fuente de adquisición Total de préstamos Signatura topográfica completa Código de barras Visto por última vez Precio de reemplazo Tipo de ítem Koha
        Biblioteca del Ateneo de Madrid Biblioteca del Ateneo de Madrid Depósito 2 17/01/2008     E-3642-5 1063502 23/02/2023 23/02/2023 Libro impreso